00664nam a22001577b 450000500170000000800410001702000230005804000140008104100060009508200120010110000180011324500300013126000310016130000250019250402890021720240827151743.0240827b sa ||||| |||| 00| 1 eng d a9780330519380qpbk aRDAcOCLC 2E aEF HERB aHerbert James aPortentcby James Herbert aLondon;bPan books;c2003. a404 pages;c17.5 cm. 6all signs of a coming titanic struggle between the forces of darkness and light. This is the story of two very special children who unknowingly hold the future of the planet in their hands... and the grotesque matriarch of a bizarre New Orleans cult who is determined to destroy them.